01636nam a2200361 u 450000100070000000500170000700800410002403500110006504000130007604100080008908200080009710000490010524501900015426000430034430000140038765000340040165000340043565000320046965000390050165000460054065000460058665000300063265000360066265000410069865100280073970000520076770000520081970000510087194200100092299900190093250001600095195201630111131723420260506082602.0981118s1998 ||||||m| spa  a317234 ccomduadb aspa 4a61610aGomez Arango, Anid Yumaira4auteaut932619110aEstudio de mercadeo para el Laboratorio Clinico Metrolab Ltda. a fin de conocer las condiciones de contratacion de las empresas Promotoras de Salud del Area Metropolitana Medellin, 1998 aMedellín :b[sin publicador],c1998. a128 hojas aMedellín (Antioquia)936127 aÁreas metropolitanas947997 aAntioquia (Colombia)977506 7aLaboratorios clínicos2dcs98071 aMetrolab Ltda ( Empresa comercial)922126 aEPS (Empresas Promotoras de Salud)967892 aGestión integral919846 7aServicios de salud2lemb936414 7aAnálisis de mercadeo2lemb9217531 7aColombia2embne987054710aGrisales Franco, Lina María4auteaut949713610aKelday Yañez, Martha Alicia4auteaut929343310aMuñoz Zea, Mónica Zoraya4auteaut9508084 cTESIS c104383d104383 aTesis (Especialista en Gerencia Integral de Servicios de Salud con Enfasis en Laboratorios Clinicos) Universidad de Antioquia - Título del grado otorgado 001040708TESISBCaBCbBCd1998-11-18eMaterial adquirido por donacióniC395963l0o616.075 E82p61000000164349r2023-04-22 00:00:00t1w2023-04-22yTESIS